Catálogo
 En Linea

Norma para la gestión ambiental de marinas: (Registro nro. 28485)

Detalles MARC
000 -CABECERA
campo de control de longitud fija 00700nam a2200181 a 4500
001 - NÚMERO DE CONTROL
campo de control 000028993
003 - IDENTIFICADOR DEL NÚMERO DE CONTROL
campo de control OSt
005 - FECHA Y HORA DE LA ÚLTIMA TRANSACCIÓN
campo de control 20240304103305.0
008 - DATOS DE LONGITUD FIJA--INFORMACIÓN GENERAL
campo de control de longitud fija 110407s2003 dr 000 0 spa d
040 ## - FUENTE DE LA CATALOGACIÓN
Centro catalogador/agencia de origen DO-SdBNP
Lengua de catalogación spa
Centro/agencia transcriptor BNPHU
082 ## - NÚMERO DE LA CLASIFICACIÓN DECIMAL DEWEY
Número de clasificación xxxx
Número de documento/Ítem R426d
110 1# - ENTRADA PRINCIPAL--NOMBRE DE ENTIDAD CORPORATIVA
Nombre de entidad corporativa o nombre de jurisdicción como elemento de entrada República Dominicana.
Unidad subordinada Secretaría de Estado de Medio Ambiente y Recursos Naturales
9 (RLIN) 14503
245 10 - MENCIÓN DE TÍTULO
Título Norma para la gestión ambiental de marinas:
Resto del título y otras facilidades que ofrecen servicios a embarcaciones recreativas./
260 ## - PUBLICACIÓN, DISTRIBUCIÓN, ETC.
Lugar de publicación, distribución, etc. Santo Domingo :
Nombre del editor, distribuidor, etc. Secretaría de Estado de Medio Ambiente y Recursos Naturales,
Fecha de publicación, distribución, etc. 2003.
Fabricante Editora Búho
300 ## - DESCRIPCIÓN FÍSICA
Extensión 62 p. : ;
Dimensiones 23 cm.
590 ## - NOTA LOCAL (RLIN)
Nota local Inventariado, 2020/ YL
942 ## - ELEMENTOS DE PUNTO DE ACCESO ADICIONAL (KOHA)
Fuente del sistema de clasificación o colocación Dewey Decimal Classification
Tipo de ítem Koha Libro
Existencias
Estado de retiro Estado de pérdida Fuente del sistema de clasificación o colocación Restricciones de uso No para préstamo Código de colección Localización permanente Ubicación/localización actual Ubicación en estantería Fecha de adquisición Fuente de adquisición Número de inventario Total de préstamos Signatura topográfica completa Código de barras Fecha visto por última vez Número de copia Precio válido a partir de Tipo de ítem Koha
    Dewey Decimal Classification Préstamo en sala Préstamo en sala Dominicana de Servicio General General En catalogación 27.04.2011 Donación LF1   xxxx R426d 28993-30 25.06.2020 e. 3 25.06.2020 Libro y Folleto Colección Dominicana de Servicio
    Dewey Decimal Classification Préstamo en sala Préstamo en sala Dominicana de Servicio General General En catalogación 31.03.2017 Amaury Victoria LF1   xxxx R426d 2020-0341 03.11.2020 e. 4 25.06.2020 Libro y Folleto Colección Dominicana de Servicio
    Dewey Decimal Classification Excluido de préstamo Excluido de préstamo Patrimonio Dominicano Patrimonio Dominicano Patrimonio Dominicano En catalogación 13.04.2011 Donación LF1   xxxx R426d 28993-10 25.06.2020   25.06.2020 Libro y Folleto Colección Patrimonio Dominicano
    Dewey Decimal Classification Excluido de préstamo Excluido de préstamo Patrimonio Dominicano Patrimonio Dominicano Patrimonio Dominicano En catalogación 13.04.2011 Donación LF1   xxxx R426d 28993-20 25.06.2020 e. 2 25.06.2020 Libro y Folleto Colección Patrimonio Dominicano

Con tecnología Koha